Medical abbreviations : 14,000 conveniences at the expense of communications and safety (Record no. 32469)

MARC details
000 -LEADER
fixed length control field 00607nam a2200193Ia 4500
020 ## - INTERNATIONAL STANDARD BOOK NUMBER
ISBN 0931431123
050 ## - CALL MARK
Classification number R 123 .D35/
100 ## - STATEMENT OF RESPONSIBILITY--MAIN AUTHOR NAME
Personal name Davis, Neil M.
245 #0 - TITLE STATEMENT
Title Medical abbreviations : 14,000 conveniences at the expense of communications and safety
250 ## - EDITION / VOLUME STATEMENT
Edition / Volume statement 12th ed.
260 ## - PUBLICATION, DISTRIBUTION, ETC. (IMPRINT)
Place of publication Huntingdon Valley
260 ## - PUBLICATION, DISTRIBUTION, ETC. (IMPRINT)
Name of publisher Davis Associates
260 ## - PUBLICATION, DISTRIBUTION, ETC. (IMPRINT)
Year of publication 2005
300 ## - PHYSICAL DESCRIPTION
Number of Pages 471 p
650 ## - SUBJECT ADDED ENTRY--TOPICAL TERM
Topical Term Medicine--Abbreviations--Dictionaries. Medicine--Acronyms--Dictionaries. Medicine--Notation--Dictionaries.
942 ## - ADDED ENTRY ELEMENTS (KOHA)
Koha item type Books
Holdings
Withdrawn status Lost status Source of classification or shelving scheme Damaged status Not for loan Permanent Location Current Location Date acquired Accession Number Price effective from Koha item type
    Library of Congress Classification     NILE UNIVERSITY OF NIGERIA - MAIN LIBRARY NILE UNIVERSITY OF NIGERIA - MAIN LIBRARY 04/23/2025 0000159 04/23/2025 Books